000 00719nam a2200205 a 4500
001 000017045
003 DO-SdBNP
005 20250410111033.0
008 100316s1975 dr 000 0 spa d
040 _aDO-SdBNP
_bspa
_cBNPHU
082 _a613.94
_bU58e
245 1 0 _aEstudio del aborto en 200 mujeres en la República Dominicana.
260 _aSanto Domingo :
_bCentro de Investigacines Unidad de Estudios Sociales,
_c1975.
300 _a176 p. ;
_c23 cm.
500 _aIncluye notas al pie de las páginas
504 _aIncluye referencias bibliográficas ( p. 176)
650 4 _aAborto
_xEstadísticas
_zRepública Dominicana
_937618
650 4 _aAborto
_xAspectos morales y éticos
_910846
942 _2ddc
_cLBS1
999 _c16571
_d16571